00542 2200205 4500001002100000005001500021035002000036007000300056008004100059082001100100084001700111245004800128260004200176300001100218650001400229650001300243111002400256711003900280990001700319INLIS00000000000259620240703060331 a0010-0724000058ta240703 e 0 ind  a181.16 a181.16 SYA p1 aPengantar Pancasila Sebagai Sistem Filsafat aMalang :bDepartemen Pertanian,c1978 c30 cm. 4aPancasila 4aFilsafat0 aSyam, Mohammad Noor0 aLaboratorium Pancasila IKIP Malang a20240222.009